书目信息 |
| 题名: |
中国城市新产业空间
|
|
| 作者: | 王兴平 著 | |
| 分册: | ||
| 出版信息: | 北京 科学出版社 2005 |
|
| 页数: | 184页 | |
| 开本: | 26cm | |
| 丛书名: | ||
| 单 册: | ||
| 中图分类: | F299.231 , F299.2 | |
| 科图分类: | ||
| 主题词: | 城市经济--产业结构--研究--中国 , 城市经济 , 产业结构 | |
| 电子资源: | ||
| ISBN: | 7-03-015161-5 | |
| 000 | 01083nam0 2200289 450 | |
| 000 | 01065nam0 2200277 450 | |
| 000 | 00994nam0 2200253 450 | |
| 000 | 00957nam0 2200241 45 | |
| 005 | 20070525125903.85 | |
| 010 | @a7-03-015161-5@dCNY36.00 | |
| 100 | @a20070418d2005 em y0chiy0120 ea | |
| 101 | 0 | @achi |
| 102 | @aCN@b110000 | |
| 105 | @ay z 000yy | |
| 200 | 1 | @a中国城市新产业空间@AZhong Guo Cheng Shi Xin Chan Ye Kong Jian@e发展机制与空间组织@EFa Zhan Ji Zhi Yu Kong Jian Zu Zhi@f王兴平著@FWang Xing Ping Zhu |
| 210 | @a北京@c科学出版社@d2005 | |
| 215 | @a184页@d26cm | |
| 300 | @a国家自然科学基金资助(40171031) 东南大学科技出版基金资助 | |
| 330 | @a本书立足于城市地理学和城市规划学,以空间分析为主线,对中国城市新产业空间的形成与发展机制、空间区位与空间结构规律以及空间整合的机制等进行了系统化的探讨。 | |
| 606 | 0 | @a城市经济@x产业结构@x研究@y中国 |
| 606 | 0 | @a城市经济 |
| 606 | 0 | @a产业结构 |
| 690 | @aF299.231@v4 | |
| 690 | @aF299.2@v3 | |
| 701 | 0 | @a王兴平@AWang Xing Ping@f(1970~)@4著 |
| 801 | 0 | @aCN@bTAOJIN@c20070525 |
| 905 | @a10447@dF299.2@e496 | |
| 中国城市新产业空间:发展机制与空间组织/王兴平著.-北京:科学出版社,2005 |
| 184页;26cm |
| 国家自然科学基金资助(40171031) 东南大学科技出版基金资助 |
| ISBN 7-03-015161-5:CNY36.00 |
| 本书立足于城市地理学和城市规划学,以空间分析为主线,对中国城市新产业空间的形成与发展机制、空间区位与空间结构规律以及空间整合的机制等进行了系统化的探讨。 |
| ● |
| 相关链接 |
|
|
|
|
正题名:中国城市新产业空间
索取号:F299.2/496
 
预约/预借
| 序号 | 登录号 | 条形码 | 馆藏地/架位号 | 状态 | 备注 |
| 1 | 0522547 | 205225479 | 第一样本阅览室/ [索取号:F299.2/496] | 在馆 | |
| 2 | 0522548 | 205225488 | 第一借阅区/ [索取号:F299.2/496] | 在馆 | |
| 3 | 0522549 | 205225497 | 第一借阅区/ [索取号:F299.2/496] | 在馆 | |
| 4 | 0522550 | 205225503 | 第一借阅区/ [索取号:F299.2/496] | 在馆 | |
| 5 | 0522551 | 205225512 | 第一借阅区/ [索取号:F299.2/496] | 在馆 | |
| 6 | 0522552 | 205225521 | 第一借阅区/ [索取号:F299.2/496] | 在馆 |